[Event "Le Touquet op 22nd"]
[Site "Le Touquet"]
[Date "2007.10.31"]
[Round "6"]
[White "Leruste, Georges"]
[Black "Durpaire, Andre"]
[Result "1-0"]
[WhiteElo "2117"]
[BlackElo "2010"]
[PlyCount "55"]
[EventDate "2007.10.27"]
[EventType "swiss"]
[EventRounds "9"]
[EventCountry "FRA"]
[SourceTitle "EXT 2008"]
[Source "ChessBase"]
[SourceDate "2007.11.25"]
[SourceVersion "1"]
[SourceVersionDate "2007.11.25"]
[SourceQuality "1"]

1. d4 Nf6 2. c4 g6 3. Nc3 Bg7 4. e4 d6 5. Nf3 0-0 6. Be2 e5 7. 0-0 Nbd7 8. Be3 a5 9. Re1 Re8 10. d5 Nc5 11. Nd2 Nfd7 12. b3 f5 13. f3 Nf6 14. a3 Bd7 15. b4 axb4 16. axb4 Na6 17. Qb3 Kh8 18. c5 Qe7 19. c6 Bc8 20. Bb5 bxc6 21. Bxc6 Rb8 22. b5 Nd7 23. Ba7 Nac5 24. Qc2 Rb7 25. Bxb7 Bxb7 26. Na4 Bf8 27. Nxc5 dxc5 28. Nc4 1-0

[Event "Le Touquet op 22nd"]
[Site "Le Touquet"]
[Date "2007.10.27"]
[Round "1"]
[White "Durpaire, Andre"]
[Black "Marzolo, Cyril"]
[Result "0-1"]
[WhiteElo "2010"]
[BlackElo "2478"]
[PlyCount "36"]
[EventDate "2007.10.27"]
[EventType "swiss"]
[EventRounds "9"]
[EventCountry "FRA"]
[SourceTitle "EXT 2008"]
[Source "ChessBase"]
[SourceDate "2007.11.25"]
[SourceVersion "1"]
[SourceVersionDate "2007.11.25"]
[SourceQuality "1"]

1. c4 Nf6 2. Nc3 g6 3. e4 d6 4. d4 Bg7 5. f4 0-0 6. Nf3 c5 7. d5 e6 8. dxe6 fxe6 9. Bd3 Nh5 10. Ne2 e5 11. f5 gxf5 12. exf5 Qe8 13. Qc2 Nc6 14. a3 Nf6 15. Ng3 e4 16. Bxe4 Nxe4 17. Qxe4 Qxe4+ 18. Nxe4 Re8 0-1

[Event "Le Touquet op 20th"]
[Site "Le Touquet"]
[Date "2005.10.27"]
[Round "7"]
[White "Durpaire, Andre"]
[Black "Flandre, Xavier"]
[Result "0-1"]
[WhiteElo "2086"]
[BlackElo "1908"]
[PlyCount "176"]
[EventDate "2005.10.23"]
[EventType "swiss"]
[EventRounds "9"]
[EventCountry "FRA"]
[SourceTitle "EXT 2006"]
[Source "ChessBase"]
[SourceDate "2005.11.24"]
[SourceVersion "1"]
[SourceVersionDate "2005.11.24"]
[SourceQuality "1"]

1. Nf3 c5 2. c4 g6 3. Nc3 Nf6 4. e4 Bg7 5. d4 cxd4 6. Nxd4 0-0 7. Be2 Nc6 8. Be3 d6 9. 0-0 Bd7 10. Rc1 Rc8 11. f3 a6 12. Qd2 Re8 13. Rfd1 Ne5 14. b3 Bc6 15. Bf1 Ned7 16. Nd5 e6 17. Nxc6 Rxc6 18. Nb4 Rc8 19. Qxd6 Qa5 20. Qd2 Red8 21. Nd5 Qa3 22. Nc3 Ne5 23. Qf2 Rxd1 24. Rxd1 b5 25. Nb1 Qa5 26. a3 bxc4 27. Bb6 Qb5 28. bxc4 Nxc4 29. Bd4 Qb3 30. Rc1 Nd6 31. Qe1 Rxc1 32. Qxc1 Nfxe4 33. Be3 Bb2 34. Qe1 Nc3 35. Nxc3 Bxc3 36. Qe2 Qxa3 37. Qxa6 Qxa6 38. Bxa6 f6 39. Kf1 Kf7 40. Ke2 Nf5 41. Bg1 Bd4 42. Bxd4 Nxd4+ 43. Ke3 Nf5+ 44. Kf2 Ke7 45. Bf1 Nd6 46. Be2 f5 47. Ba6 Kf6 48. Ke3 g5 49. Be2 h5 50. Ba6 e5 51. Bd3 Ke6 52. Be2 Kd5 53. Ba6 Nc4+ 54. Ke2 Nd6 55. Ke3 e4 56. g3 Ke5 57. fxe4 fxe4 58. Bf1 Nf5+ 59. Kd2 Kd4 60. Ba6 Nd6 61. Ke2 e3 62. Bd3 Ne4 63. Ba6 Nd6 64. Bd3 h4 65. gxh4 gxh4 66. Ba6 Ke4 67. Bd3+ Kf4 68. Kf1 Ne4 69. Ba6 Nd2+ 70. Kg2 Nf3 71. Kh3 Kg5 72. Kg2 Kf4 73. Kh3 Ke4 74. Bb7+ Kf4 75. Ba6 Ke4 76. Kg2 Ng5 77. Kf1 Kf4 78. Ke2 Nf3 79. Kf1 Nxh2+ 80. Kg2 Nf3 81. Kh3 Kg5 82. Kg2 Kg4 83. Bc8+ Kf4 84. Ba6 Nd4 85. Bd3 e2 86. Kf2 h3 87. Ba6 h2 88. Bb7 e1Q+ 0-1

[Event "Le Touquet op 17th"]
[Site "Le Touquet"]
[Date "2002.10.31"]
[Round "7"]
[White "Maes, Wim"]
[Black "Durpaire, Andre"]
[Result "1-0"]
[WhiteElo "2290"]
[BlackElo "2110"]
[PlyCount "47"]
[EventDate "2002.10.27"]
[EventType "swiss"]
[EventRounds "9"]
[EventCountry "FRA"]
[SourceTitle "EXT 2003"]
[Source "ChessBase"]
[SourceDate "2002.11.25"]
[SourceVersion "1"]
[SourceVersionDate "2002.11.25"]
[SourceQuality "1"]

1. e4 g6 2. d4 Bg7 3. Nc3 d6 4. Be3 a6 5. Qd2 b5 6. Bd3 Nd7 7. a4 b4 8. Nce2 a5 9. f3 e5 10. c3 bxc3 11. bxc3 Ngf6 12. h4 h5 13. Nh3 0-0 14. 0-0 d5 15. exd5 Nxd5 16. Bg5 N5f6 17. Nf2 Ba6 18. Rfd1 Qe7 19. Ne4 Bxd3 20. Qxd3 Rfd8 21. Rab1 Nb6 22. Qb5 exd4 23. Nxd4 Nbd5 24. Nc6 1-0